| 000 | 00987cam a2200253 a 4500 | ||
|---|---|---|---|
| 001 | 000014870 | ||
| 005 | 20200929163920.0 | ||
| 008 | 870618s1970 ve b f000 0 spa d | ||
| 040 |
_aDO-SdBNP _bspa _cLC _dBNPHU |
||
| 041 | 1 | 7 |
_aspa _hpor _2Código de idiomas MARC |
| 082 |
_a909 _bR484p |
||
| 100 | 1 |
_aRibeiro, Darcy, _d1922-1997. _928553 |
|
| 240 | 1 | 0 |
_aProcesso civilizatório. _lEspañol |
| 245 | 1 | 3 |
_aEl proceso civilizatorio : _betapas de la evolución sociocultural / _cDarcy Ribeiro ; traducción Julio Rossiello. |
| 260 |
_a[Caracas] : _bEdiciones de la Biblioteca, Universidad Central de Venezuela, _c1970. |
||
| 300 |
_a196, [6] p. ; _c21 cm. |
||
| 504 | _aIncluye referencias bibliográficas y notas al pie de las páginas. | ||
| 534 |
_aTítulo en portugues: _tProcesso civilizatório |
||
| 504 | _aBibliografía: 177-[197] p. | ||
| 650 | 4 |
_aCivilización _xHistoria _94894 |
|
| 650 | 4 |
_aEvolución social _92422 |
|
| 910 | _aCatalogación derivada / LC | ||
| 049 | _aBNGR | ||
| 999 |
_c14450 _d14450 |
||